00411nam a22001457a 450000500170000000800410001702000150005804100150007308200140008810000300010224500400013226000360017230000320020865000250024020231108063343.0231108b |||||||| |||| 00| 0 eng d a0409056375 aAfrikaans  a346.4 SON aSonnekus, JC lAfrikaans  aSakereg Vonnisbundel /cJC Sonnekus aDurban : bButterworths, c1980 bxxiii, 523 pages ; c23 cm. aLegal practice bLaw